Million dollar coaching : build a world - class practice by helping others.

Bibliographic Details
Main Author: Weiss
Format: Book
Published: New York: McGraw-Hill, 2011.
Subjects:
LEADER 00493cam a2200157 7i4500
001 0000027232
005 20120126090000.0
020 0 0 |a 9780071743792  
090 0 0 |a B 658.3124   |b WEI 
100 1 0 |a Weiss  
245 1 0 |a Million dollar coaching :   |b build a world - class practice by helping others. 
260 0 0 |a New York:   |b McGraw-Hill,   |c 2011. 
300 # # |a 319p. 
650 0 0 |a Personal coaching --   |x Practice  
650 0 0 |a Counceling practice  
999 |a B000029871  |b Book  |c International  |e Business Information Centre